| 000 | 00673nam a22002297a 4500 | ||
|---|---|---|---|
| 003 | OSt | ||
| 005 | 20260417112702.0 | ||
| 008 | 260417b |||||||| |||| 00| 0 eng d | ||
| 020 | _a9783319221649 | ||
| 040 | _cDDC | ||
| 082 | _a331.544 DIA 2016 | ||
| 100 |
_aEditors Chikanda, Abel ; Crush, Jonathan; Walton-Roberts, Margaret _919585 |
||
| 245 | _aDiasporas, Development and Governance | ||
| 250 | _aVol.5 | ||
| 260 | _bHeidelberg; Springer, 2016 | ||
| 300 | _axx,275p.; Ill: 24.5cm | ||
| 440 |
_aGlobal Migration Issues 5 _919586 |
||
| 504 | _aReferences, & index included | ||
| 650 |
_aMigrate workers _919587 |
||
| 650 |
_aDiaspora _917978 |
||
| 942 |
_2z _cO_SHELF |
||
| 999 |
_c9634 _d9634 |
||